|
|
|
|
| LEADER |
00000nab a2200000uu 4500 |
| 001 |
vtls011139240 |
| 003 |
SK-MaSNL |
| 005 |
20260305005251.0 |
| 008 |
230218|1999 xo |||||||||||||||||cze| |
| 015 |
|
|
|a SNBRB
|
| 035 |
|
|
|a (urnnbn)urn:nbn:sk:snk:ar-007whv
|
| 035 |
|
|
|a (uuid)ee0e5710-0c91-454f-a24f-b38df938d619
|
| 035 |
|
|
|a urn:nbn:sk:snk-abarg9
|
| 040 |
|
|
|a SNKBUCL
|b slo
|c SNKBUCL
|e AACR2
|
| 041 |
0 |
|
|a cze
|
| 044 |
|
|
|a xo
|c SK
|
| 100 |
1 |
|
|a Lebl, Jan,
|d 1955-
|4 aut
|9 88347
|
| 245 |
1 |
0 |
|a Sacharóza ve stravě diabetických dětí: "Čokoládová studie"
|c J. Lebl, S. Koloušková
|
| 700 |
1 |
|
|a Koloušková, S.
|4 aut
|9 1147087
|
| 773 |
0 |
|
|t Československá pediatrie : časopis Pediatrické společnosti časopis Československé pediatrické společnosti, sekce Československé lékařské společnosti J.E. Purkyně ; časopis České a Slovenské pediatrické společnosti
|g Roč. 54, č. 10 (1999), s. 584-587
|
| 954 |
|
|
|a odborná, vedecká literatúra cudzojazyčná (svetová)
|2 lita
|
| 958 |
|
|
|a OND
|
| 958 |
|
|
|a EUIPO
|
| 958 |
|
|
|a article14
|
| 999 |
|
|
|c 3239521
|d 3241451
|